00485cam a2200157ua 45000010005000000080039000050200018000440400009000620820011000712450114000822600049001963000014002456530013002596530025002727000030002976328131129n ii |||frmmmmZ001|0|eng a81-8370-052-7 cMAIN a658.15 aFinancial management : bA study of small business in North Eastern Region of India / cBy Ashim Kumar Das .  aNew delhi:bAkansha publishing house,c2006. axii,197p. aCommerce aFinancial management aDas,Ashim Kumar,eAuthor.